<?xml version="1.0" encoding="UTF-8"?>
<record
    xmlns:xsi="http://www.w3.org/2001/XMLSchema-instance"
    xsi:schemaLocation="http://www.loc.gov/MARC21/slim http://www.loc.gov/standards/marcxml/schema/MARC21slim.xsd"
    xmlns="http://www.loc.gov/MARC21/slim">

  <leader>     nam a22     7a 4500</leader>
  <datafield tag="999" ind1=" " ind2=" ">
    <subfield code="c">47089</subfield>
    <subfield code="d">47089</subfield>
  </datafield>
  <controlfield tag="003">OSt</controlfield>
  <controlfield tag="005">20190502162300.0</controlfield>
  <controlfield tag="008">190502b        xxu||||| |||| 00| 0 eng d</controlfield>
  <datafield tag="040" ind1=" " ind2=" ">
    <subfield code="c">IIMT COLLEGE OF LAW,GREATER NOIDA</subfield>
  </datafield>
  <datafield tag="100" ind1=" " ind2=" ">
    <subfield code="a">LEELAKRISHNAN,P.</subfield>
  </datafield>
  <datafield tag="245" ind1=" " ind2=" ">
    <subfield code="a">ENVIRONMENTAL (LAW OF INDIA)</subfield>
  </datafield>
  <datafield tag="260" ind1=" " ind2=" ">
    <subfield code="a">NEW DELHI</subfield>
    <subfield code="b">LEXIS,NEXIS</subfield>
    <subfield code="c">2017</subfield>
  </datafield>
  <datafield tag="300" ind1=" " ind2=" ">
    <subfield code="a">318</subfield>
  </datafield>
  <datafield tag="942" ind1=" " ind2=" ">
    <subfield code="2">ddc</subfield>
    <subfield code="c">02</subfield>
  </datafield>
  <datafield tag="952" ind1=" " ind2=" ">
    <subfield code="0">0</subfield>
    <subfield code="1">0</subfield>
    <subfield code="2">ddc</subfield>
    <subfield code="4">0</subfield>
    <subfield code="7">0</subfield>
    <subfield code="a">11</subfield>
    <subfield code="b">11</subfield>
    <subfield code="d">2019-05-02</subfield>
    <subfield code="e">BANSAL</subfield>
    <subfield code="g">475.00</subfield>
    <subfield code="i">6309/22/05/2018</subfield>
    <subfield code="l">0</subfield>
    <subfield code="p">11-B-5367</subfield>
    <subfield code="r">2019-05-02</subfield>
    <subfield code="w">2019-05-02</subfield>
    <subfield code="y">02</subfield>
  </datafield>
  <datafield tag="952" ind1=" " ind2=" ">
    <subfield code="0">0</subfield>
    <subfield code="1">0</subfield>
    <subfield code="2">ddc</subfield>
    <subfield code="4">0</subfield>
    <subfield code="7">0</subfield>
    <subfield code="a">11</subfield>
    <subfield code="b">11</subfield>
    <subfield code="d">2019-05-02</subfield>
    <subfield code="e">BANSAL</subfield>
    <subfield code="g">475.00</subfield>
    <subfield code="i">6309/22/05/2018</subfield>
    <subfield code="l">0</subfield>
    <subfield code="p">11-B-5368</subfield>
    <subfield code="r">2019-05-02</subfield>
    <subfield code="w">2019-05-02</subfield>
    <subfield code="y">02</subfield>
  </datafield>
  <datafield tag="952" ind1=" " ind2=" ">
    <subfield code="0">0</subfield>
    <subfield code="1">0</subfield>
    <subfield code="2">ddc</subfield>
    <subfield code="4">0</subfield>
    <subfield code="7">0</subfield>
    <subfield code="a">11</subfield>
    <subfield code="b">11</subfield>
    <subfield code="d">2019-05-02</subfield>
    <subfield code="e">BANSAL</subfield>
    <subfield code="g">475.00</subfield>
    <subfield code="i">6309/22/05/2018</subfield>
    <subfield code="l">0</subfield>
    <subfield code="p">11-B-5369</subfield>
    <subfield code="r">2019-05-02</subfield>
    <subfield code="w">2019-05-02</subfield>
    <subfield code="y">02</subfield>
  </datafield>
  <datafield tag="952" ind1=" " ind2=" ">
    <subfield code="0">0</subfield>
    <subfield code="1">0</subfield>
    <subfield code="2">ddc</subfield>
    <subfield code="4">0</subfield>
    <subfield code="7">0</subfield>
    <subfield code="a">11</subfield>
    <subfield code="b">11</subfield>
    <subfield code="d">2019-05-02</subfield>
    <subfield code="e">BANSAL</subfield>
    <subfield code="g">475.00</subfield>
    <subfield code="i">6309/22/05/2018</subfield>
    <subfield code="l">0</subfield>
    <subfield code="p">11-B-5370</subfield>
    <subfield code="r">2019-05-02</subfield>
    <subfield code="w">2019-05-02</subfield>
    <subfield code="y">02</subfield>
  </datafield>
  <datafield tag="952" ind1=" " ind2=" ">
    <subfield code="0">0</subfield>
    <subfield code="1">0</subfield>
    <subfield code="2">ddc</subfield>
    <subfield code="4">0</subfield>
    <subfield code="7">0</subfield>
    <subfield code="a">11</subfield>
    <subfield code="b">11</subfield>
    <subfield code="d">2019-05-02</subfield>
    <subfield code="e">BANSAL</subfield>
    <subfield code="g">475.00</subfield>
    <subfield code="i">6309/22/05/2018</subfield>
    <subfield code="l">0</subfield>
    <subfield code="p">11-B-5371</subfield>
    <subfield code="r">2019-05-02</subfield>
    <subfield code="w">2019-05-02</subfield>
    <subfield code="y">02</subfield>
  </datafield>
</record>
